| 000 | 00644nam a2200193 u 4500 | ||
|---|---|---|---|
| 005 | 20240803063807.0 | ||
| 008 | 100629s1999 r 000 0 eng d | ||
| 020 | _a8426131166 | ||
| 035 | _aUPN01000177054 | ||
| 049 | _aCG | ||
| 050 | 4 |
_aPQ6666 U4.2 _bV5.2 |
|
| 100 | 1 | _aPuga, María Teresa | |
| 245 | 1 | 0 |
_aVictoria Eugenia : _besposa de Alfonso XIII / _cMa. Teresa Puga, Eusebio Ferrer Hortet. |
| 260 |
_aBarcelona, Esp. : _bJuventud, _c1999. |
||
| 300 |
_a243 p. : _bil. |
||
| 600 | 0 | 4 |
_aVICTORIA EUGENIA, _cREINA, CONSORTE DE ALFONSO XIII, REY DE ESPAÑA, _d1887-1969 - _vNOVELA _918419 |
| 650 | 4 |
_aNovela española _910814 |
|
| 905 | _aLibro | ||
| 999 |
_c149157 _d149157 |
||